Autodesk inventor 2014 and inventor LT 2014 essentials

This full-color Autodesk Official Press guide will help you quickly learn the powerful manufacturing software's core features and functions. Thom Tremblay, an Autodesk Certified Instructor, uses concise, straightforward explanations and real-world, hands-on exercises to help you become producti...

Full beskrivning

Sparad:
Bibliografiska uppgifter
Huvudupphovsman: Tremblay, Thom
Materialtyp: Bok
Språk:Undetermined
Publicerad: Indianapolis, IN John Wiley & Sons 2013
Ämnen:
Taggar: Lägg till en tagg
Inga taggar, Lägg till första taggen!
Thư viện lưu trữ: Trung tâm Học liệu Trường Đại học Cần Thơ
LEADER 01079nam a2200205Ia 4500
001 CTU_150971
008 210402s9999 xx 000 0 und d
020 |c 1055000 
082 |a 006.693 
082 |b T789 
100 |a Tremblay, Thom 
245 0 |a Autodesk inventor 2014 and inventor LT 2014 essentials 
245 0 |c Thom Tremblay 
260 |a Indianapolis, IN 
260 |b John Wiley & Sons 
260 |c 2013 
520 |a This full-color Autodesk Official Press guide will help you quickly learn the powerful manufacturing software's core features and functions. Thom Tremblay, an Autodesk Certified Instructor, uses concise, straightforward explanations and real-world, hands-on exercises to help you become productive with Inventor. Full-color screenshots illustrate tutorial steps, and chapters conclude with a related and more open-ended project to further reinforce the chapter's lessons. 
650 |a Đồ họa máy tính,Computer graphics,Three-dimensional display systems 
904 |i Hải 
980 |a Trung tâm Học liệu Trường Đại học Cần Thơ